[Event "V Floripa Chess Open 2019"]
[Site "Florianopolis/SC"]
[Date "2019.01.25"]
[Round "7.114"]
[White "Silva Junior, Marcelo Valeriano"]
[Black "De Sousa, Alex Aecio"]
[Result "1-0"]
[WhiteElo "1891"]
[BlackElo "1639"]
[PlyCount "121"]
[EventDate "2019.01.21"]
[EventRounds "10"]
[EventCountry "BRA"]

1. Nf3 g6 2. e4 c5 3. d4 cxd4 4. Nxd4 Bg7 5. Nc3 Nc6 6. Nxc6 bxc6 7. Bc4 Nh6 8. h3 d6 9. Be3 Be6 10. Bb3 Qd7 11. Qd2 Ng8 12. O-O Nf6 13. Rad1 Bxh3 14. gxh3 Qxh3 15. f3 Nh5 16. Qg2 Qd7 17. Qg4 Qc7 18. Kf2 Nf6 19. Qg3 Nd7 20. Rh1 h5 21. Rdg1 Ne5 22. Bd4 Ng4+ 23. fxg4 Bxd4+ 24. Kf3 Bxg1 25. Rxg1 h4 26. Qf4 O-O-O 27. Bxf7 Rdf8 28. Ke2 Kb8 29. e5 e6 30. Qb4+ Ka8 31. Bxg6 d5 32. Qd6 Qxd6 33. exd6 Rd8 34. Rh1 Rxd6 35. Bh5 Rg8 36. Rxh4 e5 37. Rh2 Kb7 38. Rf2 Kb6 39. Rf7 a5 40. Nd1 a4 41. Ne3 Rdd8 42. Nf5 Kc5 43. Nh6 Rg5 44. Ra7 Rf8 45. Rxa4 Rf6 46. Nf7 Rxh5 47. gxh5 Rxf7 48. Rh4 Rh7 49. h6 Kd6 50. a4 Kc5 51. b4+ Kd6 52. Kd3 c5 53. c3 e4+ 54. Ke3 cxb4 55. cxb4 Kc6 56. Kd4 Kb6 57. Rh5 Kc6 58. Rh3 Kd6 59. Rh2 Rc7 60. h7 Rc4+ 61. Ke3 1-0

[Event "V Floripa Chess Open 2019"]
[Site "Florianopolis/SC"]
[Date "2019.01.25"]
[Round "7.115"]
[White "Bauza Mercere, Eduardo"]
[Black "Souza Dos Santos, Matheus Garcett"]
[Result "1/2-1/2"]
[WhiteElo "1675"]
[BlackElo "1891"]
[PlyCount "85"]
[EventDate "2019.01.21"]
[EventRounds "10"]
[EventCountry "BRA"]

1. Nf3 c5 2. e4 d6 3. c3 Nf6 4. Bd3 g6 5. O-O Bg7 6. Bc2 O-O 7. d3 Nc6 8. Qe2 a6 9. Rd1 b5 10. Nbd2 b4 11. Nf1 Rb8 12. Bd2 bxc3 13. bxc3 Qc7 14. Rdb1 Bd7 15. Ne3 e6 16. Qd1 d5 17. Rxb8 Rxb8 18. Rb1 d4 19. Nc4 dxc3 20. Bxc3 h5 21. Rxb8+ Qxb8 22. Qb1 Qxb1+ 23. Bxb1 Ne7 24. Bc2 Bb5 25. Nfd2 g5 26. Ba5 Nd7 27. Bc7 Ng6 28. a4 Bc6 29. Na5 Ba8 30. Ndc4 Nge5 31. Nxe5 Bxe5 32. Bxe5 Nxe5 33. Kf1 Kg7 34. Ke2 Kf6 35. Bb3 h4 36. h3 Nc6 37. Nxc6 Bxc6 38. a5 Ke5 39. Bc4 Bb7 40. Ke3 f5 41. g3 Kf6 42. gxh4 gxh4 43. f4 1/2-1/2

[Event "V Floripa Chess Open 2019"]
[Site "Florianopolis/SC"]
[Date "2019.01.25"]
[Round "7.116"]
[White "Crul, Otavio Augusto Barr"]
[Black "Santana Magalhaes, Amanda Borges"]
[Result "1-0"]
[WhiteElo "1890"]
[BlackElo "1636"]
[PlyCount "45"]
[EventDate "2019.01.21"]
[EventRounds "10"]
[EventCountry "BRA"]

1. e4 c5 2. Nf3 Nc6 3. d4 cxd4 4. Nxd4 g6 5. Nc3 Bg7 6. Be3 d6 7. Qd2 a6 8. f3 Bd7 9. g4 e6 10. h4 h6 11. Bg2 Qc7 12. O-O-O O-O-O 13. Ncb5 axb5 14. Nxb5 Qa5 15. Nxd6+ Kb8 16. Qxa5 Nxa5 17. Nxf7 Nf6 18. Nxh8 Rxh8 19. g5 Nxe4 20. Rxd7 Bxb2+ 21. Kxb2 Nc4+ 22. Kc1 Ng3 23. Bf4+ 1-0

[Event "V Floripa Chess Open 2019"]
[Site "Florianopolis/SC"]
[Date "2019.01.25"]
[Round "7.117"]
[White "Kruger, Israel"]
[Black "De Souza, Lucio Teixeira"]
[Result "1-0"]
[WhiteElo "1890"]
[BlackElo "1626"]
[PlyCount "49"]
[EventDate "2019.01.21"]
[EventRounds "10"]
[EventCountry "BRA"]

1. e4 c5 2. Nf3 d6 3. d4 cxd4 4. Nxd4 Nf6 5. Nc3 a6 6. Rg1 Nc6 7. g4 e6 8. g5 Nd7 9. Be3 Nxd4 10. Bxd4 Qc7 11. Rg3 Ne5 12. f4 Nc6 13. Bf2 b5 14. Qd2 g6 15. O-O-O Bg7 16. Qxd6 Qxd6 17. Rxd6 Bb7 18. e5 Nb4 19. Rb6 Bd5 20. a3 a5 21. Bxb5+ Ke7 22. axb4 axb4 23. Nxd5+ exd5 24. Bc5+ Kd8 25. Rd3 1-0

[Event "V Floripa Chess Open 2019"]
[Site "Florianopolis/SC"]
[Date "2019.01.25"]
[Round "7.118"]
[White "Frankental, David"]
[Black "Souza, Neurismar Da Rocha"]
[Result "1-0"]
[WhiteElo "1886"]
[BlackElo "1612"]
[PlyCount "87"]
[EventDate "2019.01.21"]
[EventRounds "10"]
[EventCountry "BRA"]

1. d4 d5 2. c4 e6 3. Nf3 Nf6 4. g3 b6 5. Bg2 Bb7 6. b3 Be7 7. O-O Nbd7 8. Bb2 O-O 9. Nbd2 c6 10. Qc2 h6 11. e4 dxe4 12. Nxe4 Nxe4 13. Qxe4 Bf6 14. Ba3 Re8 15. Ne5 Nxe5 16. dxe5 Be7 17. Rad1 Qc7 18. Bd6 Bxd6 19. exd6 Qd7 20. b4 Rab8 21. Qd3 Rec8 22. c5 b5 23. f4 f5 24. Rfe1 Rf8 25. Re5 Rf6 26. Qa3 a6 27. Qa5 Rd8 28. Kf1 Qc8 29. Rde1 Kf7 30. Bf3 g6 31. Bd1 Qd7 32. Bb3 Re8 33. a4 Bc8 34. axb5 axb5 35. Ra1 Kf8 36. Qb6 Rf7 37. Ra8 Kg7 38. Qb8 Kf6 39. Rxe6+ Rxe6 40. Qxc8 Ree7 41. Qh8+ Rg7 42. Rf8+ Ref7 43. Rxf7+ Qxf7 44. Bxf7 1-0

[Event "V Floripa Chess Open 2019"]
[Site "Florianopolis/SC"]
[Date "2019.01.25"]
[Round "7.119"]
[White "Leon Lopes, Sergio Amadeus"]
[Black "Wilberger, Marcelo"]
[Result "1/2-1/2"]
[WhiteElo "1879"]
[BlackElo "1617"]
[PlyCount "38"]
[EventDate "2019.01.21"]
[EventRounds "10"]
[EventCountry "BRA"]

1. c4 Nf6 2. Nc3 d5 3. cxd5 Nxd5 4. Nf3 g6 5. g3 Bg7 6. Bg2 O-O 7. O-O Nc6 8. d4 Nb6 9. e3 e5 10. d5 Na5 11. e4 c6 12. dxc6 Nxc6 13. h3 Nd4 14. Nxd4 exd4 15. Ne2 Nc4 16. Nf4 Bd7 17. Nd3 Bc6 18. Nb4 Bd7 19. Nd3 Bc6 1/2-1/2

[Event "V Floripa Chess Open 2019"]
[Site "Florianopolis/SC"]
[Date "2019.01.25"]
[Round "7.120"]
[White "Dos Anjos, Diovana Ferreira"]
[Black "Teshima, Ricardo Yoshida"]
[Result "0-1"]
[WhiteElo "1660"]
[BlackElo "1879"]
[PlyCount "44"]
[EventDate "2019.01.21"]
[EventRounds "10"]
[EventCountry "BRA"]

1. e4 c5 2. c4 Nc6 3. Ne2 d6 4. h3 Nd4 5. Nbc3 g6 6. d3 Bg7 7. Nf4 e6 8. g3 Ne7 9. Bg2 Nec6 10. O-O O-O 11. Rb1 Rb8 12. a3 b5 13. cxb5 Nxb5 14. Nxb5 Rxb5 15. Qa4 Qb6 16. b3 a5 17. Bd2 Bd7 18. Qc4 Rb8 19. b4 axb4 20. axb4 Nxb4 21. Bc3 Nxd3 22. Nxe6 Bxe6 0-1

[Event "V Floripa Chess Open 2019"]
[Site "Florianopolis/SC"]
[Date "2019.01.25"]
[Round "7.121"]
[White "Filho, Marcelo Adriano Nun"]
[Black "Zampier, Alexandre"]
[Result "1-0"]
[WhiteElo "1866"]
[BlackElo "1610"]
[PlyCount "107"]
[EventDate "2019.01.21"]
[EventRounds "10"]
[EventCountry "BRA"]

1. e4 d5 2. exd5 Qxd5 3. Nc3 Qa5 4. h3 c6 5. Nf3 Nf6 6. Bc4 Bf5 7. O-O e6 8. a3 Bd6 9. Re1 O-O 10. b4 Qc7 11. Bb2 h6 12. d3 Nbd7 13. Ne4 Be7 14. Qd2 Nxe4 15. dxe4 Bg6 16. Rad1 Rad8 17. Qe3 Nb6 18. Bb3 Rxd1 19. Rxd1 Rd8 20. Rxd8+ Qxd8 21. c4 a6 22. Ne5 Bh7 23. c5 Nd7 24. Nc4 Nf6 25. f3 Nh5 26. Be5 Bg5 27. f4 Bh4 28. Nd6 Qe7 29. g4 Nf6 30. f5 Kh8 31. Qd4 Bg8 32. Nc8 Qe8 33. Nd6 Qe7 34. Kg2 h5 35. Kf3 hxg4+ 36. hxg4 Bg5 37. Qb2 Bh7 38. a4 Kg8 39. Nxf7 Kxf7 40. Bxe6+ Ke8 41. Bd6 Qd8 42. Qb3 Nd5 43. exd5 Qf6 44. dxc6 bxc6 45. Qd3 g6 46. Be5 Qd8 47. Qd6 gxf5 48. gxf5 Bf6 49. Qxc6+ Kf8 50. Qd6+ Ke8 51. Bxf6 Qxf6 52. Bd7+ Kf7 53. Qxf6+ Kxf6 54. c6 1-0

[Event "V Floripa Chess Open 2019"]
[Site "Florianopolis/SC"]
[Date "2019.01.25"]
[Round "7.124"]
[White "Bonvini, Adriana Tonhati"]
[Black "Dos Santos, Dwlyan Silva"]
[Result "0-1"]
[WhiteElo "1636"]
[BlackElo "1846"]
[PlyCount "70"]
[EventDate "2019.01.21"]
[EventRounds "10"]
[EventCountry "BRA"]

1. e4 c5 2. c3 Nf6 3. e5 Nd5 4. Nf3 e6 5. d4 cxd4 6. cxd4 d6 7. Bc4 Be7 8. O-O O-O 9. Nc3 Nxc3 10. bxc3 b6 11. Qe2 Bb7 12. Bf4 Nc6 13. Rfd1 Na5 14. Bd3 Rc8 15. Rac1 Qc7 16. Ng5 g6 17. Ne4 Bxe4 18. Bxe4 Nc4 19. Bh6 Rfd8 20. exd6 Bxd6 21. g3 Bf8 22. Bf4 Bd6 23. Bg5 Re8 24. Qf1 Bf8 25. Bf6 b5 26. Qg2 Be7 27. Bxe7 Rxe7 28. h4 Qa5 29. Qf3 Qa3 30. Rc2 Rec7 31. Bb7 Rb8 32. Bc6 Qd6 33. d5 Ne5 34. Qf4 Rxc6 35. Re1 Nd3 0-1

[Event "V Floripa Chess Open 2019"]
[Site "Florianopolis/SC"]
[Date "2019.01.25"]
[Round "7.125"]
[White "De Haro, Martim Afonso Palma"]
[Black "Monteiro, Daniel Zotelli"]
[Result "0-1"]
[WhiteElo "1837"]
[BlackElo "1567"]
[PlyCount "56"]
[EventDate "2019.01.21"]
[EventRounds "10"]
[EventCountry "BRA"]

1. d4 d5 2. c4 c6 3. cxd5 cxd5 4. Bf4 Nc6 5. e3 e6 6. Nc3 a6 7. a3 Nf6 8. Nf3 h6 9. Bd3 Be7 10. O-O O-O 11. Rc1 Bd7 12. h3 b5 13. b4 Qb6 14. Nd2 Rfc8 15. Nb3 Na7 16. Nc5 Bxc5 17. bxc5 Qa5 18. Qb3 Nc6 19. Be5 Nxe5 20. dxe5 Ne8 21. Qb4 Qc7 22. Ne2 Qxe5 23. Nd4 Bc6 24. a4 Qb8 25. Qa5 e5 26. Nf5 Qc7 27. Qb6 Kf8 28. Nd6 Qxb6 0-1

[Event "V Floripa Chess Open 2019"]
[Site "Florianopolis/SC"]
[Date "2019.01.25"]
[Round "7.126"]
[White "Felix, Luiza De Oliveira"]
[Black "Valcarcel, Victor Ignacio Sant"]
[Result "0-1"]
[WhiteElo "1630"]
[BlackElo "1837"]
[PlyCount "80"]
[EventDate "2019.01.21"]
[EventRounds "10"]
[EventCountry "BRA"]

1. c4 e6 2. Nf3 d5 3. e3 Nf6 4. b3 Bd6 5. Bb2 Nbd7 6. Nc3 c6 7. Qc2 a6 8. d3 O-O 9. Be2 e5 10. a3 Re8 11. O-O h6 12. Rfe1 Nf8 13. Nd2 Ng6 14. b4 Bc7 15. a4 Qd6 16. c5 Qe7 17. Ba3 Bd7 18. b5 axb5 19. axb5 Rad8 20. e4 d4 21. Nd5 cxd5 22. c6 Bd6 23. cxd7 Rxd7 24. Bxd6 Qxd6 25. exd5 Nxd5 26. Ne4 Qc7 27. Qb3 Nc3 28. Bg4 Rdd8 29. Rec1 Nf4 30. Nxc3 dxc3 31. Rxc3 Qd6 32. b6 Nxd3 33. Rd1 e4 34. Be2 Qd4 35. Bxd3 exd3 36. Rc7 Re6 37. h3 d2 38. Rxb7 Re1+ 39. Kh2 Qf4+ 40. Qg3 Qxg3+ 0-1

[Event "V Floripa Chess Open 2019"]
[Site "Florianopolis/SC"]
[Date "2019.01.25"]
[Round "7.127"]
[White "Pereira, Thales Oliveira"]
[Black "Koinski, Carlos Cesar"]
[Result "1-0"]
[WhiteElo "1836"]
[BlackElo "1462"]
[PlyCount "101"]
[EventDate "2019.01.21"]
[EventRounds "10"]
[EventCountry "BRA"]

1. e4 e5 2. Nf3 d6 3. d4 exd4 4. Nxd4 Bd7 5. Nc3 a6 6. a4 h6 7. g3 Qc8 8. h3 Nf6 9. Bg2 Be7 10. Be3 Nc6 11. Nde2 Ne5 12. b3 Bc6 13. f4 Ned7 14. Nd4 Nb8 15. Nxc6 Nxc6 16. O-O O-O 17. Kh2 Qe8 18. Qd2 Rd8 19. Qf2 Rc8 20. Rad1 Rd8 21. Rfe1 Kh8 22. Bc1 Rc8 23. e5 dxe5 24. fxe5 Nh7 25. Nd5 Bg5 26. Ba3 Rg8 27. h4 Be7 28. Nxe7 Nxe7 29. Bxb7 Rb8 30. Bxa6 Ng6 31. Qf5 Ne7 32. Qd7 Ng6 33. Qxc7 Qe6 34. Bc4 Qf5 35. Re2 Nf4 36. Qd7 Qxd7 37. Rxd7 Nxe2 38. Bxe2 Rgd8 39. Rxd8+ Rxd8 40. Bd3 Nf8 41. Bxf8 Rxf8 42. a5 Re8 43. a6 Rxe5 44. b4 g5 45. a7 Re8 46. Be4 gxh4 47. a8=Q hxg3+ 48. Kxg3 Rg8+ 49. Qxg8+ Kxg8 50. b5 Kf8 51. b6 1-0

[Event "V Floripa Chess Open 2019"]
[Site "Florianopolis/SC"]
[Date "2019.01.25"]
[Round "7.128"]
[White "De Souza, Paulo H. Pinheiro"]
[Black "Andrade, Leo Pasqualini De"]
[Result "1/2-1/2"]
[WhiteElo "1619"]
[BlackElo "1828"]
[PlyCount "78"]
[EventDate "2019.01.21"]
[EventRounds "10"]
[EventCountry "BRA"]

1. c4 e6 2. Nc3 d5 3. d4 c5 4. cxd5 cxd4 5. Qxd4 Nc6 6. Qa4 exd5 7. e4 dxe4 8. Qxe4+ Be6 9. Bb5 Nf6 10. Bxc6+ bxc6 11. Qa4 Qb6 12. Nge2 Bc5 13. O-O O-O 14. Bg5 Nd5 15. b3 Qb4 16. Qxb4 Bxb4 17. Ne4 Bf5 18. N2g3 Bg6 19. a3 Ba5 20. Rac1 Rfe8 21. Nd6 Re6 22. Nc4 Bc7 23. Rfe1 Rae8 24. Bd2 Rxe1+ 25. Rxe1 Rxe1+ 26. Bxe1 Bc2 27. b4 Bd3 28. Nb2 Bc2 29. Nc4 Bb3 30. Na5 Ba4 31. Bd2 Be5 32. Bc1 Nc3 33. Be3 a6 34. Nf5 Nd5 35. Bd4 f6 36. Nc4 Bf4 37. Bb2 Bb5 38. Nfe3 Nxe3 39. Nxe3 Bxe3 1/2-1/2

[Event "V Floripa Chess Open 2019"]
[Site "Florianopolis/SC"]
[Date "2019.01.25"]
[Round "7.129"]
[White "Menezes, Jose Eduardo Carnei"]
[Black "Nunes, Guilherme Sacardo T"]
[Result "1-0"]
[WhiteElo "1827"]
[BlackElo "1572"]
[PlyCount "63"]
[EventDate "2019.01.21"]
[EventRounds "10"]
[EventCountry "BRA"]

1. f4 Nf6 2. d4 d5 3. Nf3 e6 4. e3 c5 5. c3 Nc6 6. Bd3 c4 7. Bc2 b5 8. b3 cxb3 9. axb3 a6 10. O-O Bb7 11. Ne5 Qc7 12. Bb2 Rg8 13. Bd3 Bd6 14. Nd2 Rc8 15. h3 h6 16. Qf3 Qb6 17. g4 Nd7 18. Kh2 b4 19. Nxd7 Kxd7 20. c4 Qa7 21. cxd5 Nd8 22. e4 g5 23. Bb5+ Ke7 24. e5 Qb8 25. exd6+ Qxd6 26. Nc4 Qxd5 27. Qxd5 exd5 28. Rae1+ Kf6 29. fxg5+ Kxg5 30. h4+ Kxh4 31. Nd6 Rc2+ 32. Re2 1-0

[Event "V Floripa Chess Open 2019"]
[Site "Florianopolis/SC"]
[Date "2019.01.25"]
[Round "7.130"]
[White "Leffeck, Mateus Bernal"]
[Black "Predebon, Eduardo Angonesi"]
[Result "0-1"]
[WhiteElo "1604"]
[BlackElo "1825"]
[PlyCount "50"]
[EventDate "2019.01.21"]
[EventRounds "10"]
[EventCountry "BRA"]

1. d4 Nf6 2. Nf3 g6 3. c4 c5 4. d5 b5 5. cxb5 a6 6. e3 axb5 7. Bxb5 Qa5+ 8. Nc3 Bb7 9. Bc4 Bg7 10. Bd2 Qb6 11. O-O O-O 12. e4 d6 13. Qb3 Nbd7 14. Rfe1 Rfb8 15. Qxb6 Nxb6 16. Bb3 Ba6 17. h3 Nbd7 18. Bg5 c4 19. Ba4 Nc5 20. Rab1 h6 21. Be3 Nfxe4 22. Nxe4 Nxa4 23. b3 cxb3 24. axb3 Bd3 25. Bxh6 Bxh6 0-1

[Event "V Floripa Chess Open 2019"]
[Site "Florianopolis/SC"]
[Date "2019.01.25"]
[Round "7.131"]
[White "Parreira, Teodora Ribeiro"]
[Black "Jenidarchiche, Douglas Rodrigo"]
[Result "0-1"]
[WhiteElo "1593"]
[BlackElo "1816"]
[PlyCount "138"]
[EventDate "2019.01.21"]
[EventRounds "10"]
[EventCountry "BRA"]

1. e4 c5 2. Nf3 b6 3. d4 cxd4 4. Nxd4 Bb7 5. Nc3 d6 6. Be3 Nd7 7. Bc4 Ngf6 8. f3 a6 9. Bb3 Nc5 10. Qd2 Nxb3 11. axb3 e6 12. O-O Be7 13. b4 O-O 14. b5 a5 15. Nb3 Rc8 16. Qf2 Nd7 17. Na4 Nc5 18. Nbxc5 dxc5 19. Rfd1 Qc7 20. Nc3 Rfd8 21. Qe1 Bd6 22. Qh4 Be5 23. Bd2 Rd7 24. h3 Bh2+ 25. Kh1 Bg3 26. Qg5 Rcd8 27. Be3 Be5 28. Rxd7 Rxd7 29. Na4 Bf6 30. Qf4 e5 31. Qg3 Qd8 32. Qe1 Rd6 33. Nc3 Bh4 34. Qe2 g6 35. Rd1 Bc8 36. Rxd6 Qxd6 37. Qd2 Qxd2 38. Bxd2 Be6 39. Kh2 Kf8 40. g3 Be7 41. Kg2 c4 42. Be3 Bd8 43. Na4 Bd7 44. Nxb6 Bxb5 45. Nd5 Bc6 46. Nb6 Bb5 47. Nd5 f6 48. Nc3 Bc6 49. Bc5+ Kf7 50. Kf2 Ke6 51. Ke3 h5 52. Ne2 a4 53. Kd2 Ba5+ 54. Ke3 Be1 55. g4 Kd7 56. f4 Ke6 57. f5+ gxf5 58. exf5+ Kd5 59. Be7 hxg4 60. hxg4 Be8 61. Bxf6 c3 62. bxc3 a3 63. Nc1 Bxc3 64. Kd3 Bb2 65. Na2 e4+ 66. Ke3 Bxf6 67. Kf4 Be5+ 68. Ke3 Bd4+ 69. Kf4 Bb5 0-1

[Event "V Floripa Chess Open 2019"]
[Site "Florianopolis/SC"]
[Date "2019.01.25"]
[Round "7.132"]
[White "Ferreira, Rodrigo Maycon Mira"]
[Black "Seiffert, Gabriel Pamplona"]
[Result "1-0"]
[WhiteElo "1813"]
[BlackElo "1436"]
[PlyCount "73"]
[EventDate "2019.01.21"]
[EventRounds "10"]
[EventCountry "BRA"]

1. e4 e5 2. Nf3 Nc6 3. Bc4 Nf6 4. d3 Be7 5. c3 d5 6. exd5 Nxd5 7. O-O O-O 8. Re1 Bg4 9. h3 Bh5 10. Bb3 Kh8 11. g4 Bg6 12. Nxe5 Nxe5 13. Rxe5 c6 14. Bxd5 cxd5 15. Qf3 d4 16. c4 Qc7 17. Rb5 b6 18. Bf4 Bd6 19. Bxd6 Qxd6 20. b4 Qe6 21. Nd2 f5 22. g5 Rac8 23. Nb3 Qd6 24. a3 Qe7 25. Qf4 Qe2 26. Qd2 Qh5 27. Kg2 f4 28. Nxd4 f3+ 29. Kg3 Rce8 30. Rd5 Re2 31. Nxe2 fxe2 32. f4 Bf5 33. Rxf5 Rxf5 34. Qe3 h6 35. h4 Rf8 36. Re1 Re8 37. Qf3 1-0

[Event "V Floripa Chess Open 2019"]
[Site "Florianopolis/SC"]
[Date "2019.01.25"]
[Round "7.133"]
[White "Lima, Vinicius Taishun"]
[Black "Vitielo, Alecio Elias"]
[Result "1-0"]
[WhiteElo "1585"]
[BlackElo "1800"]
[PlyCount "57"]
[EventDate "2019.01.21"]
[EventRounds "10"]
[EventCountry "BRA"]

1. e4 d5 2. exd5 Qxd5 3. d4 Nf6 4. Nc3 Qd8 5. Bc4 Bg4 6. f3 Bf5 7. Nge2 e6 8. O-O Be7 9. Ng3 Bg6 10. f4 c6 11. f5 exf5 12. Nce2 h6 13. c3 O-O 14. Nxf5 Bxf5 15. Rxf5 Nbd7 16. Ng3 Nb6 17. Bd3 Qd7 18. Rf3 Nbd5 19. Nf5 Bd6 20. Nxd6 Qxd6 21. Rg3 Nf4 22. Bxf4 Qxf4 23. Qc2 Rae8 24. Rf1 Qd6 25. Kh1 h5 26. Qd2 Qd5 27. Rxf6 h4 28. Rg5 Qxa2 29. Rxg7+ 1-0

[Event "V Floripa Chess Open 2019"]
[Site "Florianopolis/SC"]
[Date "2019.01.25"]
[Round "7.134"]
[White "Goncalves, Mateus"]
[Black "Gallardo Rojel, Alejandro"]
[Result "1-0"]
[WhiteElo "1580"]
[BlackElo "1793"]
[PlyCount "71"]
[EventDate "2019.01.21"]
[EventRounds "10"]
[EventCountry "BRA"]

1. e4 e6 2. d4 d5 3. Nd2 c5 4. dxc5 Bxc5 5. Nb3 Be7 6. exd5 Qxd5 7. Qxd5 exd5 8. Be3 Nf6 9. O-O-O O-O 10. h3 b6 11. g4 Bb7 12. Bg2 Na6 13. g5 Ne4 14. Bxe4 dxe4 15. Rd7 Bxg5 16. Bxg5 Bc6 17. Rd6 Bb7 18. Be3 Rac8 19. Ne2 Nb4 20. Nbd4 Nxa2+ 21. Kb1 Nb4 22. Ng3 g6 23. h4 f5 24. Nge2 Nd5 25. Rg1 Rfd8 26. Rxd8+ Rxd8 27. Nxf5 Kf7 28. Nfd4 Nf6 29. Nf4 Nd5 30. Nfe6 Rc8 31. h5 Ne7 32. hxg6+ hxg6 33. Rh1 Kg8 34. Ng5 Rc5 35. Nde6 Rd5 36. Bd4 1-0

[Event "V Floripa Chess Open 2019"]
[Site "Florianopolis/SC"]
[Date "2019.01.25"]
[Round "7.135"]
[White "Sato, Claudio Takeshi"]
[Black "Reis, Virginia Lagrange M"]
[Result "1-0"]
[WhiteElo "1560"]
[BlackElo "1788"]
[PlyCount "55"]
[EventDate "2019.01.21"]
[EventRounds "10"]
[EventCountry "BRA"]

1. b3 e5 2. Bb2 Nc6 3. e3 a6 4. Nf3 d6 5. Be2 Be6 6. c4 f5 7. O-O Nf6 8. d4 exd4 9. Nxd4 Nxd4 10. Qxd4 Be7 11. Nd2 O-O 12. Rad1 Ne8 13. Qd3 Bf6 14. Ba3 Rf7 15. Nf3 g6 16. Nd4 Bd7 17. Bf3 c6 18. e4 c5 19. Ne2 fxe4 20. Bxe4 Be6 21. Nf4 Bf5 22. Bxf5 gxf5 23. Bc1 Be5 24. Nd5 Qh4 25. f4 Bd4+ 26. Be3 Bh8 27. Rf3 Qh5 28. Rh3 1-0

[Event "V Floripa Chess Open 2019"]
[Site "Florianopolis/SC"]
[Date "2019.01.25"]
[Round "7.136"]
[White "Rocancourt Moreira, Mauricio"]
[Black "Laperuta, Renan Portes"]
[Result "0-1"]
[WhiteElo "1777"]
[BlackElo "1566"]
[PlyCount "90"]
[EventDate "2019.01.21"]
[EventRounds "10"]
[EventCountry "BRA"]

1. d4 Nf6 2. c4 e6 3. Nf3 c5 4. d5 exd5 5. cxd5 d6 6. g3 g6 7. Bg2 Bg7 8. O-O O-O 9. Nc3 a6 10. a4 Nbd7 11. Re1 Re8 12. Nd2 Rb8 13. a5 b5 14. axb6 Nxb6 15. Qc2 Bb7 16. Qd3 Nbd7 17. f4 Ng4 18. Nc4 Nb6 19. e3 Nxc4 20. Qxc4 h5 21. h3 Nf6 22. Bd2 Qc7 23. e4 Nd7 24. Na4 a5 25. Bc3 Ra8 26. Bxg7 Kxg7 27. Rad1 Nb6 28. Nxb6 Qxb6 29. Qc3+ Kg8 30. e5 a4 31. e6 fxe6 32. Qf6 Kh7 33. Qf7+ Kh6 34. Be4 Rg8 35. g4 hxg4 36. hxg4 Qxb2 37. g5+ Kh5 38. Bf3+ Kh4 39. Re2 Qb3 40. Qh7+ Kg3 41. Qh2+ Kxf3 42. Rf1+ Kg4 43. Rg2+ Kf5 44. Rb2 Qe3+ 45. Rff2 Rh8 0-1

[Event "V Floripa Chess Open 2019"]
[Site "Florianopolis/SC"]
[Date "2019.01.25"]
[Round "7.137"]
[White "Mileski, Lucas De Souza"]
[Black "Mariot Vaz, Joao Antonio Bertol"]
[Result "1-0"]
[WhiteElo "1774"]
[BlackElo "1326"]
[PlyCount "49"]
[EventDate "2019.01.21"]
[EventRounds "10"]
[EventCountry "BRA"]

1. Nf3 Nf6 2. d4 d5 3. c4 e6 4. g3 Be7 5. Bg2 O-O 6. O-O Nbd7 7. Nc3 b6 8. cxd5 exd5 9. Bg5 h6 10. Bxf6 Nxf6 11. Ne5 Bb7 12. e3 Re8 13. Qb3 a6 14. Rfd1 Qd6 15. Rac1 Rac8 16. e4 Nxe4 17. Nxe4 dxe4 18. Qxf7+ Kh7 19. Bh3 Bd5 20. Bf5+ Kh8 21. Ng6+ Kh7 22. Nxe7+ Kh8 23. Qxd5 Qxe7 24. Bxc8 Rxc8 25. Re1 1-0

[Event "V Floripa Chess Open 2019"]
[Site "Florianopolis/SC"]
[Date "2019.01.25"]
[Round "7.138"]
[White "Flores, Clarice Soares Leit"]
[Black "Da Silva, Daniel Pereira"]
[Result "0-1"]
[WhiteElo "1406"]
[BlackElo "1773"]
[PlyCount "50"]
[EventDate "2019.01.21"]
[EventRounds "10"]
[EventCountry "BRA"]

1. e4 c5 2. Nf3 e6 3. d3 d5 4. Nbd2 Nc6 5. g3 Bd6 6. Bg2 Nge7 7. O-O b6 8. Re1 Bb7 9. Nf1 O-O 10. Qe2 Bc7 11. e5 Ng6 12. Bg5 Qd7 13. h4 Ngxe5 14. N1h2 Nxf3+ 15. Nxf3 Rae8 16. Bh3 d4 17. h5 Qd5 18. Bg2 f6 19. Qd2 Nd8 20. Bxf6 Rxf6 21. Nh4 Qxh5 22. Bxb7 Nxb7 23. Re4 Ref8 24. Rf1 g5 25. Ng2 Bxg3 0-1

[Event "V Floripa Chess Open 2019"]
[Site "Florianopolis/SC"]
[Date "2019.01.25"]
[Round "7.139"]
[White "Lunelli, Neuri Antonio"]
[Black "Buiar, Maria Eduarda Beral"]
[Result "1-0"]
[WhiteElo "1767"]
[BlackElo "1315"]
[PlyCount "63"]
[EventDate "2019.01.21"]
[EventRounds "10"]
[EventCountry "BRA"]

1. c4 Nf6 2. Nc3 g6 3. g3 Bg7 4. Bg2 O-O 5. e4 d6 6. Nge2 Nbd7 7. O-O c6 8. d3 b6 9. h3 Bb7 10. f4 b5 11. Be3 a6 12. Qd2 Re8 13. Rf2 bxc4 14. dxc4 Nb6 15. b3 Qc7 16. Raf1 Rad8 17. Qc1 c5 18. f5 Qd7 19. Nd5 Nbxd5 20. exd5 a5 21. Bg5 Ba6 22. g4 Rb8 23. Bh6 Bh8 24. fxg6 hxg6 25. g5 Qd8 26. gxf6 exf6 27. Qf4 Qe7 28. Ng3 g5 29. Qg4 Bc8 30. Qh5 Qe3 31. Kh2 Qe7 32. Bxg5 1-0

[Event "V Floripa Chess Open 2019"]
[Site "Florianopolis/SC"]
[Date "2019.01.25"]
[Round "7.140"]
[White "Amaral, Danilo Tokechi"]
[Black "Manzi, Luiz Antonio Bardar"]
[Result "0-1"]
[WhiteElo "1360"]
[BlackElo "2077"]
[PlyCount "104"]
[EventDate "2019.01.21"]
[EventRounds "10"]
[EventCountry "BRA"]

1. e4 c6 2. Nf3 d5 3. Nc3 g6 4. d4 Bg7 5. Be3 Nf6 6. e5 Ng4 7. Bf4 h5 8. h3 Nh6 9. Qd2 Bf5 10. O-O-O Qa5 11. Kb1 Na6 12. g4 hxg4 13. hxg4 Bxg4 14. Be2 Nf5 15. Rxh8+ Bxh8 16. Rh1 O-O-O 17. Ng5 Bxe2 18. Nxe2 Qxd2 19. Bxd2 Bg7 20. Nxf7 Rf8 21. Ng5 Nc7 22. c3 c5 23. Kc2 cxd4 24. cxd4 Kd7 25. Kd3 Bh6 26. f4 Bxg5 27. fxg5 Ne6 28. Rh3 Ke8 29. Bc1 Kf7 30. Bd2 Kg7 31. Bc1 Rc8 32. b3 Nexd4 33. Nxd4 Rxc1 34. Ne6+ Kf7 35. Nd8+ Kg7 36. Nxb7 Re1 37. Nd8 Rxe5 38. Nc6 Re6 39. Nd4 Ra6 40. Nxf5+ gxf5 41. a4 e5 42. Re3 Re6 43. b4 Kg6 44. b5 Kxg5 45. a5 f4 46. Re1 Kf5 47. Rh1 Re7 48. Rh6 e4+ 49. Kd4 e3 50. Rh1 e2 51. Re1 f3 52. Kd3 f2 0-1

[Event "V Floripa Chess Open 2019"]
[Site "Florianopolis/SC"]
[Date "2019.01.25"]
[Round "7.141"]
[White "Gazola, Vanessa Ramos"]
[Black "Matsura, Eduardo"]
[Result "1-0"]
[WhiteElo "1982"]
[BlackElo "1624"]
[PlyCount "63"]
[EventDate "2019.01.21"]
[EventRounds "10"]
[EventCountry "BRA"]

1. d4 g6 2. c4 Bg7 3. Nc3 Nf6 4. e4 d6 5. Be2 O-O 6. Bg5 h6 7. Be3 e5 8. d5 Na6 9. Qd2 Kh7 10. f3 Nh5 11. g3 f5 12. exf5 gxf5 13. Bf2 Nc5 14. h4 Qe8 15. O-O-O Bd7 16. Nh3 Nf6 17. Rde1 Kg8 18. Bd1 Qf7 19. Bc2 Rae8 20. b4 Na6 21. a3 Nh5 22. Rhg1 Kh8 23. g4 fxg4 24. fxg4 Nf4 25. Nxf4 Qxf4 26. Be3 Qxc4 27. Bxh6 Re7 28. Bxg7+ Rxg7 29. Re4 Rf1+ 30. Kb2 Qxe4 31. Nxe4 Rxg1 32. Qh6+ 1-0